Normal view
MARC view
- Military Education.
Entry Topical Term
001 - CONTROL NUMBER
- control field: 46644
003 - CONTROL NUMBER IDENTIFIER
- control field: OSt
005 - DATE AND TIME OF LATEST TRANSACTION
- control field: 20221107132322.0
008 - FIXED-LENGTH DATA ELEMENTS
- fixed length control field: 221107|| aca||aabn | a|a d
040 ## - CATALOGING SOURCE
- Original cataloging agency: OSt
- Transcribing agency: OSt
150 ## - HEADING--TOPICAL TERM
- Topical term or geographic name entry element: Military Education.
670 ## - SOURCE DATA FOUND
- Source citation: Work cat.: (OSt): Punongbayan, Michael. 46643, Army commemorates ROTC cadets' 1945 retake of Fort Bonifacio /, February 18, 2020.
